书目信息 |
| 题名: |
化学题解
|
|
| 作者: | 梁远明 , 任静娟 , 陈美斯 编译 | |
| 分册: | 上册 | |
| 出版信息: | 广州 科学普及出版社广州分社 1982.02 |
|
| 页数: | 278页 | |
| 开本: | 18cm | |
| 丛书名: | 日本各大学历年入学试题集 | |
| 单 册: | ||
| 中图分类: | G633.8 | |
| 科图分类: | ||
| 主题词: | 教育--各级 | |
| 电子资源: | ||
| ISBN: | ||
| 000 | 00777nam0 2200241 45 | |
| 001 | 0404281628 | |
| 005 | 20060815085602.45 | |
| 010 | @dCNY0.95 | |
| 091 | @a7051.60105 | |
| 100 | @a20040428d1982 km y0chiy0120 ea | |
| 101 | 0 | @achi |
| 200 | 1 | @a化学题解@AHua Xue Ti Jie@h上册@f梁远明,任静娟,陈美斯编译@Fliang yuan ming,ren jing juan,chen mei si bian yi |
| 210 | @a广州@c科学普及出版社广州分社@d1982.02 | |
| 215 | @a278页@d18cm | |
| 225 | @a日本各大学历年入学试题集 | |
| 410 | @12001 @a日本各大学历年入学试题集 | |
| 606 | 0 | @a教育@x各级 |
| 690 | @aG633.8@v3 | |
| 701 | 0 | @a梁远明@Aliang yuan ming@4编译 |
| 701 | 0 | @a任静娟@Aren jing juan@4编译 |
| 701 | 0 | @a陈美斯@Achen mei si@4编译 |
| 801 | @aCN@bPftUser@c20060815 | |
| 905 | @dG633.8@e10:1@f3@b72743-745@f0@f1@b72747 | |
| 化学题解.上册/梁远明,任静娟,陈美斯编译.-广州:科学普及出版社广州分社,1982.02 |
| 278页;18cm.-(日本各大学历年入学试题集) |
| ISBN :CNY0.95 |
| ● |
| 相关链接 |
|
|
|
|
正题名:化学题解
索取号:G633.8/10:1
 
预约/预借
| 序号 | 登录号 | 条形码 | 馆藏地/架位号 | 状态 | 备注 |
| 1 | 0072743 | 000611671 | 密集书库/ [索取号:G633.8/10:1] | 在馆 | |
| 2 | 0072744 | 000611626 | 密集书库/ [索取号:G633.8/10:1] | 在馆 | |
| 3 | 0072745 | 000611680 | 第一样本阅览室/ [索取号:G633.8/10:1] | 在馆 | |
| 4 | 0072746 | 202303033 | 密集书库/ [索取号:G633.8/10:1] | 在馆 | |
| 5 | 0072747 | 000611617 | 密集书库/ [索取号:G633.8/10:1] | 在馆 | |
| 6 | 0440815 | 204408159 | 密集书库/ [索取号:G633.8/10:1] | 在馆 | |
| 7 | 0440816 | 204408168 | 密集书库/ [索取号:G633.8/10:1] | 在馆 | |
| 8 | 0440817 | 204408177 | 密集书库/ [索取号:G633.8/10:1] | 在馆 | |
| 9 | 0460095 | 204600958 | 密集书库/ [索取号:G633.8/10:1] | 在馆 | |
| 10 | 0460096 | 204600967 | 密集书库/ [索取号:G633.8/10:1] | 在馆 |